[Event "IECG QN.2004.0.00315 email"]
[Site "IECG email"]
[Date "2004.03.11"]
[Round "?"]
[White "Elloso, Gino"]
[Black "Venturas, Bob"]
[Result "0-1"]
[WhiteElo "689"]
[BlackElo "577"]
[PlyCount "54"]
[EventDate "2004.03.11"]
[EventType "tourn (corr)"]
[EventRounds "6"]
[SourceTitle "Corr 2008"]
[Source "ChessBase"]
[SourceDate "2008.06.24"]
[SourceVersion "1"]
[SourceVersionDate "2008.06.24"]
[SourceQuality "1"]

1. e4 e5 2. Nf3 Nc6 3. Bc4 h6 4. 0-0 a6 5. c3 d6 6. h3 Nf6 7. Re1 Bd7 8. d4 Be7 9. Qb3 0-0 10. Qd1 Qc8 11. Re3 Nh5 12. Nxe5 Nf6 13. Nxd7 Qxd7 14. Qf3 Rae8 15. e5 dxe5 16. dxe5 Bc5 17. Rd3 Nxe5 18. Qg3 Nxd3 19. Bxh6 Bxf2+ 20. Kh2 Bxg3+ 21. Kxg3 gxh6 22. Nd2 Nxb2 23. Rb1 Re3+ 24. Kf2 Qxd2+ 25. Kg1 Nxc4 26. Rf1 Ne4 27. a4 Rg3 0-1

[Event "IECG QN.2004.0.00315 email"]
[Site "IECG email"]
[Date "2004.03.11"]
[Round "?"]
[White "Venturas, Bob"]
[Black "Elloso, Gino"]
[Result "1-0"]
[WhiteElo "577"]
[BlackElo "689"]
[PlyCount "87"]
[EventDate "2004.03.11"]
[EventType "tourn (corr)"]
[EventRounds "6"]
[SourceTitle "Corr 2008"]
[Source "ChessBase"]
[SourceDate "2008.06.24"]
[SourceVersion "1"]
[SourceVersionDate "2008.06.24"]
[SourceQuality "1"]

1. e4 e5 2. Nf3 Nc6 3. Bb5 d6 4. Bxc6+ bxc6 5. Nc3 Nf6 6. d4 Bg4 7. 0-0 d5 8. h3 Bxh3 9. Nxe5 Bxg2 10. Kxg2 h5 11. Bg5 Bd6 12. Nxc6 Qd7 13. exd5 h4 14. Qe2+ Kf8 15. Rh1 h3+ 16. Kf1 Qf5 17. Bxf6 Re8 18. Bxg7+ Kxg7 19. Rg1+ Kf8 20. Qg4 Qh7 21. f4 h2 22. Rh1 Rg8 23. Qf3 Qg6 24. Kf2 Bxf4 25. Ne2 Re3 26. Qxf4 Rxe2+ 27. Kxe2 Qg2+ 28. Qf2 Qe4+ 29. Kf1 Qxh1+ 30. Ke2 Qxa1 31. Qxh2 Qc1 32. Kd3 Qf1+ 33. Kc3 Qf3+ 34. Kc4 Qf6 35. Qxc7 Rg2 36. Qb8+ Kg7 37. c3 a5 38. d6 Qe6+ 39. d5 Qe4+ 40. Nd4 Rg5 41. Qb5 Rxd5 42. Qxd5 Qxd5+ 43. Kxd5 Kf8 44. d7 1-0

[Event "IECG CN.2002.0.00302 email"]
[Site "IECG email"]
[Date "2002.07.30"]
[Round "?"]
[White "Elloso, Gino"]
[Black "Pastor Abia, Luis"]
[Result "0-1"]
[WhiteElo "800"]
[BlackElo "800"]
[PlyCount "52"]
[EventDate "2002.07.30"]
[EventType "tourn (corr)"]
[EventRounds "6"]
[SourceTitle "Corr 2008"]
[Source "ChessBase"]
[SourceDate "2008.06.24"]
[SourceVersion "1"]
[SourceVersionDate "2008.06.24"]
[SourceQuality "1"]

1. e4 c5 2. Bc4 g6 3. Nf3 Bg7 4. e5 Nc6 5. Nc3 Nxe5 6. Nxe5 Bxe5 7. Qf3 Nf6 8. d3 Bxc3+ 9. bxc3 d5 10. Bb5+ Bd7 11. a4 Bxb5 12. axb5 0-0 13. h4 Qd7 14. h5 Nxh5 15. Rxh5 gxh5 16. Bh6 Qe6+ 17. Be3 d4 18. Qxh5 dxe3 19. f3 Qg6 20. Qh3 Qg7 21. Ra4 Qxc3+ 22. Kf1 e2+ 23. Kxe2 Qxc2+ 24. Ke3 Qxa4 25. g4 Rad8 26. Kf2 Rxd3 0-1